La tierra y los ensueños de la voluntad
保存先:
| 第一著者: | |
|---|---|
| フォーマット: | 図書 |
| 言語: | スペイン語 |
| 出版事項: |
Ciudad de México
Fondo de Cultura Económica
1994
|
| シリーズ: | Brevarios del fondo de cultura económica, 525
|
| 主題: | |
| タグ: |
タグ追加
タグなし, このレコードへの初めてのタグを付けませんか!
|
MARC
| LEADER | 00000nam a2200000 a 4500 | ||
|---|---|---|---|
| 001 | UCS3613 | ||
| 003 | CL-VaPUC | ||
| 008 | 970704e19940000MX |||||||||||||||||spa|d | ||
| 082 | 0 | 4 | |a 146.3 |b BAC |2 21 |
| 100 | |a Bachelard, Gaston |e author |9 348800 | ||
| 245 | 1 | 3 | |a La tierra y los ensueños de la voluntad |
| 300 | |a 454 p | ||
| 942 | |c BK | ||
| 945 | |d 19970704 00:00:00 |a amoreno | ||
| 260 | |a Ciudad de México |b Fondo de Cultura Económica |c 1994 | ||
| 650 | 0 | |a Materialismo |9 265687 | |
| 650 | 0 | |a Teoría del conocimiento |9 255038 | |
| 650 | 0 | |a Dialéctica |9 257902 | |
| 650 | 0 | |a Imaginación |9 269378 | |
| 583 | |a last modification |c 20121001 12:24:18 |k Rodrigo Vera | ||
| 490 | 0 | |a Brevarios del fondo de cultura económica, 525 | |
| 999 | |c 261249 |d 261247 | ||
| 952 | |0 0 |1 0 |4 0 |6 146_300000000000000_BAC_1994 |7 0 |8 A |9 288520 |a BIBART |b BIBART |d 2019-11-19 |i 3327361 |l 1 |o 146.3 BAC 1994 |p 3327361 |r 2025-03-13 |s 2023-09-21 |w 2019-11-19 |y BK |k ART | ||